Systém plánovania v podniku a možnosti jeho zlepšenia bakalárska práca

Gespeichert in:
Bibliographische Detailangaben
1. Verfasser: Slaná, Bibiána
Körperschaft: Fakulta podnikového manažmentu EU. Katedra manažmentu
Weitere Verfasser: Barátová, Veronika
Format: Buch
Sprache:Slowakisch
Veröffentlicht: Bratislava 2012
Tags: Tag hinzufügen
Keine Tags, Fügen Sie das erste Tag hinzu!

MARC

LEADER 00000nbm a2200000 4500
001 0154113
005 20161109111821.9
041 0 |a slo 
044 |a SK 
245 1 0 |a Systém plánovania v podniku a možnosti jeho zlepšenia  |b bakalárska práca  |c Bibiána Slaná ; školiteľ: Veronika Barátová 
264 1 |a Bratislava  |c 2012 
300 |a 65 s. 
100 1 |a Slaná, Bibiána 
700 1 |a Barátová, Veronika 
710 2 |a Fakulta podnikového manažmentu EU. Katedra manažmentu